Human rescources management

Αποθηκεύτηκε σε:
Λεπτομέρειες βιβλιογραφικής εγγραφής
Κύριος συγγραφέας: Graham, H. T.
Άλλοι συγγραφείς: Bennett, Roger, 1944-
Μορφή: Βιβλίο
Γλώσσα:English
Δημοσίευση: Harlow, England : Financial Times, Prentice Hall, 1998.
Έκδοση:9th ed.
Σειρά:Frameworks
Θέματα:
Ετικέτες: Προσθήκη ετικέτας
Δεν υπάρχουν, Καταχωρήστε ετικέτα πρώτοι!

MARC

LEADER 00000cam a2200000 i 4500
001 1/17523
008 010222s1998 enk| ||| |||| ||eng||
020 |a 0273634011   |q (χαρτόδετο) 
035 |l 10066169 
040 |a GR-MyUa  |b gre  |e AACR2 
041 0 |a eng 
082 0 |a 658.3 
100 1 |a Graham, H. T. 
245 1 0 |a Human rescources management /   |c H.T. Graham, Roger Bennett. 
250 |a 9th ed. 
260 |a Harlow, England :   |b Financial Times, Prentice Hall,   |c 1998. 
300 |a ix, 435 σ. ;   |c 24 εκ. 
490 1 |a (Frameworks) 
500 |a Περιλαμβάνει ευρετήριο. 
650 0 |a Personnel management. 
700 1 |a Bennett, Roger,   |d 1944- 
830 0 |a Frameworks 
852 |a INST  |b CHIOS  |e 20010222  |h 658.3 GRA  |p 005200017299  |q 005200017299  |t BK  |y 0 
901 |a BIBL2-2001-1 
970 |a ΣΠΕΝΤΖΑ  |b ΕΛΕΝΗ  |z 2001/02/22